<?xml version="1.0" encoding="UTF-8"?>
<record
    xmlns:xsi="http://www.w3.org/2001/XMLSchema-instance"
    xsi:schemaLocation="http://www.loc.gov/MARC21/slim http://www.loc.gov/standards/marcxml/schema/MARC21slim.xsd"
    xmlns="http://www.loc.gov/MARC21/slim">

  <leader>008780000a22001210004500</leader>
  <datafield tag="100" ind1="1" ind2=" ">
    <subfield code="a">M&#xED;guez, N&#xE9;stor O.</subfield>
  </datafield>
  <datafield tag="245" ind1="1" ind2="0">
    <subfield code="a">La sinagoga del Nuevo Testamento</subfield>
  </datafield>
  <datafield tag="300" ind1=" " ind2=" ">
    <subfield code="a">Num. 40 (2001), P&#xE1;ginas 113 - 128</subfield>
  </datafield>
  <datafield tag="520" ind1=" " ind2=" ">
    <subfield code="a">Este art&#xED;culo busca plantear alguna hip&#xF3;tesis que permitan tener una idea del desarrollo de la relaci&#xF3;n entre juda&#xED;smo y cristianismo en los primero neo testamentarios. Postula una lectura de los evangelios sin&#xF3;pticos, especialmente Mateo, que da un lugar decisivo a la sinagoga rural aldeana en el ministerio de Jes&#xFA;s. Luego rev&#xE9; el conflicto por la hegemon&#xED;a sinagogal entre el judeocristianismo  y el juda&#xED;smo formativo, y finalmente revisa brevemente la diferenciaci&#xF3;n entre sinagoga e iglesia cristiana en el cristianismo de la gentilidad.</subfield>
  </datafield>
  <datafield tag="650" ind1="1" ind2="4">
    <subfield code="a">LA SINAGOGA</subfield>
  </datafield>
  <datafield tag="773" ind1="0" ind2=" ">
    <subfield code="t">Revista de Interpretaci&#xF3;n B&#xED;blica Latinoamericana</subfield>
  </datafield>
  <datafield tag="942" ind1=" " ind2=" ">
    <subfield code="c">ANA</subfield>
  </datafield>
  <datafield tag="952" ind1=" " ind2=" ">
    <subfield code="0">0</subfield>
    <subfield code="1">0</subfield>
    <subfield code="4">0</subfield>
    <subfield code="7">0</subfield>
    <subfield code="8">HEM</subfield>
    <subfield code="a">FUSBC</subfield>
    <subfield code="b">FUSBC</subfield>
    <subfield code="d">2016-01-26</subfield>
    <subfield code="l">0</subfield>
    <subfield code="o"> </subfield>
    <subfield code="r">2016-01-26 00:00:00</subfield>
    <subfield code="w">2016-01-26</subfield>
    <subfield code="y">ANA</subfield>
  </datafield>
  <datafield tag="999" ind1=" " ind2=" ">
    <subfield code="c">52638</subfield>
    <subfield code="d">52638</subfield>
  </datafield>
</record>
